West-Vlaanderen, Flandre-Occidentale: Gemeenten, Communes - Statistieken

Algemene statistieken
  • Deze quiz is 4.905 keer genomen
    2.556 sinds de laatste reset
  • De gemiddelde score is 42 van 62
Antwoorden op de kaart
Antwoorden kleurgecodeerd door een groen-rode schaal op de quizkaart volgens % correct hieronder.
 
Antwoordstatistieken
Provincie Gemeente % Correct
West-Vlaanderen Brugge / Bruges / Brügge
99%
West-Vlaanderen Oostende / Ostende
97%
West-Vlaanderen DePanne / LaPanne
96%
West-Vlaanderen Kortrijk / Courtrai
94%
West-Vlaanderen Ieper / Ypres / Ypern
93%
West-Vlaanderen Knokke-Heist
93%
West-Vlaanderen DeHaan / Coq-sur-Mer
89%
West-Vlaanderen Nieuwpoort / Nieuport
89%
West-Vlaanderen Blankenberge
87%
West-Vlaanderen Koksijde / Coxyde
87%
West-Vlaanderen Middelkerke
87%
West-Vlaanderen Diksmuide / Dixmude
84%
West-Vlaanderen Roeselare / Roulers
84%
West-Vlaanderen Bredene
83%
West-Vlaanderen Poperinge
82%
West-Vlaanderen Veurne / Furnes
82%
West-Vlaanderen Waregem
80%
West-Vlaanderen Menen / Menin
78%
West-Vlaanderen Damme
74%
West-Vlaanderen Heuvelland
73%
West-Vlaanderen Tielt / Meulebeke
72%
West-Vlaanderen Izegem
71%
West-Vlaanderen Torhout
70%
West-Vlaanderen Harelbeke / Harlebeke
67%
West-Vlaanderen Jabbeke
66%
West-Vlaanderen Oostkamp
66%
West-Vlaanderen Wevelgem
66%
West-Vlaanderen Anzegem
65%
West-Vlaanderen Avelgem
64%
West-Vlaanderen Beernem
64%
West-Vlaanderen Lo-Reninge
64%
West-Vlaanderen Zwevegem
64%
West-Vlaanderen Wervik / Wervicq
63%
West-Vlaanderen Wingene / Ruiselede
63%
West-Vlaanderen Alveringem
62%
West-Vlaanderen Kortemark
61%
West-Vlaanderen Kuurne
61%
West-Vlaanderen Lichtervelde
61%
West-Vlaanderen Ardooie
60%
West-Vlaanderen Ingelmunster
60%
West-Vlaanderen Langemark-Poelkapelle
60%
West-Vlaanderen Zedelgem
60%
West-Vlaanderen Zuienkerke
60%
West-Vlaanderen Gistel / Ghistelles
59%
West-Vlaanderen Ichtegem
59%
West-Vlaanderen Zonnebeke
59%
West-Vlaanderen Deerlijk
58%
West-Vlaanderen Mesen / Messines
58%
West-Vlaanderen Vleteren
58%
West-Vlaanderen Oostrozebeke
56%
West-Vlaanderen Houthulst
55%
West-Vlaanderen Koekelare
55%
West-Vlaanderen Oudenburg
55%
West-Vlaanderen Spiere-Helkijn / Espierres-Helchin
55%
West-Vlaanderen Staden
55%
West-Vlaanderen Dentergem
54%
West-Vlaanderen Moorslede
52%
West-Vlaanderen Ledegem
50%
West-Vlaanderen Lendelede
50%
West-Vlaanderen Wielsbeke
50%
West-Vlaanderen Hooglede
49%
West-Vlaanderen Pittem
49%
Geen overeenkomende quizzen gevonden
Scoreverdeling
Procent van Mensen met Elke Score
Percentiel versus Aantal Correcte Antwoorden
Uw Scoregeschiedenis
U heeft deze quiz nog niet genomen sinds de laatste reset